Methods and Tools of Project Management in a Selected Company diplomová práca

Gespeichert in:
Bibliographische Detailangaben
1. Verfasser: Smolejová, Františka
Körperschaft: Fakulta podnikového manažmentu EU. Katedra manažmentu
Weitere Verfasser: Tarišková, Natália, 1973-
Format: Buch
Sprache:Englisch
Veröffentlicht: Bratislava 2024
Tags: Tag hinzufügen
Keine Tags, Fügen Sie das erste Tag hinzu!

MARC

LEADER 00000nbm a2200000 4500
001 0301072
005 20250926133019.5
041 0 |a eng 
044 |a SK 
245 1 0 |a Methods and Tools of Project Management in a Selected Company  |b diplomová práca  |c Františka Smolejová ; školiteľ: Natália Tarišková 
264 1 |a Bratislava  |c 2024 
300 |a 74 s. 
100 1 |a Smolejová, Františka 
700 1 |a Tarišková, Natália, 1973- 
710 2 |a Fakulta podnikového manažmentu EU. Katedra manažmentu